Gresi me- Gresi he (Record no. 363178)

MARC details
000 -LEADER
fixed length control field 002990000a22001450004500
005 - DATE AND TIME OF LATEST TRANSACTION
control field 20120302064828.0
040 ## - CATALOGING SOURCE
Original cataloging agency Mar
100 ## - MAIN ENTRY--PERSONAL NAME
Personal name Sathe,D.K.
245 ## - TITLE STATEMENT
Title Gresi me- Gresi he
260 ## - PUBLICATION, DISTRIBUTION, ETC. (IMPRINT)
Place of publication, distribution, etc Thane:Apurva prakashan
300 ## - PHYSICAL DESCRIPTION
Extent 356p.
365 ## - TRADE PRICE
Price amount 250/-
650 ## - SUBJECT ADDED ENTRY--TOPICAL TERM
Topical term or geographic name as entry element Sankirna
942 ## - ADDED ENTRY ELEMENTS (KOHA)
Koha item type Book
Holdings
Withdrawn status Lost status Damaged status Not for loan Home library Current library Date acquired Total Checkouts Barcode Date last seen Price effective from
        Institute For Oriental Study, Thane Institute For Oriental Study, Thane 12/02/2009   IOS-M 24233 12/02/2009 12/02/2009